<?xml version="1.0" encoding="UTF-8"?>
<record
    xmlns:xsi="http://www.w3.org/2001/XMLSchema-instance"
    xsi:schemaLocation="http://www.loc.gov/MARC21/slim http://www.loc.gov/standards/marcxml/schema/MARC21slim.xsd"
    xmlns="http://www.loc.gov/MARC21/slim">

  <leader>01634nam a2200301uu 4500</leader>
  <controlfield tag="001">1548079</controlfield>
  <controlfield tag="005">20260508094151.0</controlfield>
  <controlfield tag="007">cr|||||||</controlfield>
  <controlfield tag="008">200722s2018                        spa  </controlfield>
  <datafield tag="035" ind1=" " ind2=" ">
    <subfield code="a">1548079</subfield>
  </datafield>
  <datafield tag="040" ind1=" " ind2=" ">
    <subfield code="c">comduadb</subfield>
  </datafield>
  <datafield tag="041" ind1=" " ind2=" ">
    <subfield code="a">spa</subfield>
  </datafield>
  <datafield tag="080" ind1=" " ind2=" ">
    <subfield code="a">TP/CD</subfield>
  </datafield>
  <datafield tag="100" ind1="1" ind2="0">
    <subfield code="a">Arteaga Arbel&#xE1;ez, Lucas</subfield>
    <subfield code="4">aut</subfield>
    <subfield code="e">aut</subfield>
    <subfield code="9">801455</subfield>
  </datafield>
  <datafield tag="245" ind1="1" ind2="0">
    <subfield code="a">Caracter&#xED;sticas de las intervenciones psicol&#xF3;gicas sobre el miedo y la fobia</subfield>
  </datafield>
  <datafield tag="260" ind1=" " ind2=" ">
    <subfield code="a">Medell&#xED;n :</subfield>
    <subfield code="b">Autor(a),</subfield>
    <subfield code="c">2018.</subfield>
  </datafield>
  <datafield tag="300" ind1=" " ind2=" ">
    <subfield code="a">1 PDF</subfield>
  </datafield>
  <datafield tag="520" ind1="3" ind2=" ">
    <subfield code="a">La pregunta por la fobia y de donde se desprende, remite inmediatamente a pensar las concepciones que se han tenido del miedo a trav&#xE9;s de la historia hasta la actualidad, y la manera como &#xE9;ste va tomando la forma de un diagnostico psicopatol&#xF3;gico, evidenciando as&#xED; la fundamentaci&#xF3;n conceptual sobre la que se sostienen las diferentes alternativas de tratamiento para la fobia, entre las que se destacan los aportes del psicoan&#xE1;lisis, la psicolog&#xED;a conductista y la psicolog&#xED;a cognitiva. Ver las caracter&#xED;sticas de las t&#xE9;cnicas empleadas para la intervenci&#xF3;n sobre la fobia que cada una de estas l&#xED;neas propone, brinda la posibilidad visualizar como la pr&#xE1;ctica terap&#xE9;utica se convierte en la herramienta de validaci&#xF3;n de la conceptualizaci&#xF3;n te&#xF3;rica.</subfield>
  </datafield>
  <datafield tag="650" ind1=" " ind2=" ">
    <subfield code="a">Intervenci&#xF3;n psicol&#xF3;gica</subfield>
    <subfield code="9">69689</subfield>
  </datafield>
  <datafield tag="650" ind1=" " ind2=" ">
    <subfield code="a">Miedo - Aspectos psicol&#xF3;gicos</subfield>
    <subfield code="9">159533</subfield>
  </datafield>
  <datafield tag="650" ind1=" " ind2=" ">
    <subfield code="a">Fobia</subfield>
    <subfield code="9">38319</subfield>
  </datafield>
  <datafield tag="650" ind1=" " ind2=" ">
    <subfield code="a">Fobias - Tratamiento</subfield>
    <subfield code="9">205161</subfield>
  </datafield>
  <datafield tag="650" ind1=" " ind2=" ">
    <subfield code="a">T&#xE9;cnicas de intervenci&#xF3;n</subfield>
    <subfield code="9">225124</subfield>
  </datafield>
  <datafield tag="700" ind1="1" ind2="0">
    <subfield code="a">G&#xF3;mez Vargas, Maricelly</subfield>
    <subfield code="4">ths</subfield>
    <subfield code="e">ths</subfield>
    <subfield code="9">582269</subfield>
  </datafield>
  <datafield tag="942" ind1=" " ind2=" ">
    <subfield code="c">TESIS</subfield>
  </datafield>
  <datafield tag="999" ind1=" " ind2=" ">
    <subfield code="c">815603</subfield>
    <subfield code="d">815603</subfield>
  </datafield>
  <datafield tag="502" ind1=" " ind2=" ">
    <subfield code="b">109</subfield>
    <subfield code="c">12</subfield>
  </datafield>
  <datafield tag="526" ind1=" " ind2=" ">
    <subfield code="a">110</subfield>
  </datafield>
  <datafield tag="952" ind1=" " ind2=" ">
    <subfield code="0">0</subfield>
    <subfield code="1">0</subfield>
    <subfield code="4">0</subfield>
    <subfield code="7">0</subfield>
    <subfield code="8">DIGITAL</subfield>
    <subfield code="a">CISH</subfield>
    <subfield code="b">CISH</subfield>
    <subfield code="d">2020-07-22</subfield>
    <subfield code="e">Material adquirido por donaci&#xF3;n</subfield>
    <subfield code="i">C1330591</subfield>
    <subfield code="l">0</subfield>
    <subfield code="o">TP/CD-12692</subfield>
    <subfield code="r">2023-05-04 00:00:00</subfield>
    <subfield code="t">1</subfield>
    <subfield code="w">2023-05-04</subfield>
    <subfield code="y">INTER</subfield>
  </datafield>
</record>
